000
00405nam a2200145Ia 4500
008
100204s9999 xx 000 0 und d
082
_b
24565
100
_a
खेडकर सुशिला
245
_a
शापित
260
_b
"औदुंबर प्रकाशन, मुंबई"
_c
2000
300
_a
217
630
_a
शापित
730
_a
शापित
942
_c
BOOK
999
_c
469744
_d
469741